000 00375nam a2200145Ia 4500
008 230711s9999||||xx |||||||||||||| ||und||
041 _aENG
082 _a621.31
_bCO-E
100 _aCotton,H.
245 0 _aElectrical technology
250 _a7thy . Ed.
260 _c2005
_aNew Delhi
_bCBS Publishers & Distributors Pvt.Ltd
650 _aElectrical Engineering
942 _cBK
999 _c4446
_d4446